| 000 | 00668nam a2200217 u 4500 | ||
|---|---|---|---|
| 005 | 20240228064016.0 | ||
| 008 | 100817s2007 ec r 000 0 spa d | ||
| 020 | _a9789978542859 | ||
| 035 | _aUPN01000177400 | ||
| 049 | _aI | ||
| 050 | 4 |
_aPZ78 _bC6.2 |
|
| 100 | 1 | _aConde, Mario | |
| 245 | 1 | 0 |
_aBlanca, la recordadora ; "No puedo decir mamá" / _cMario Conde ; il. de Roger Ycaza. |
| 260 |
_aQuito : _bNorma, _c2007. |
||
| 300 |
_a46 p. : _bil. |
||
| 440 | 0 |
_aTorre de papel roja. _pA partir de 7 años |
|
| 650 | 4 |
_aCUENTOS INFANTILES ECUATORIANOS _98911 |
|
| 650 | 4 |
_aLibros y lectura para niños _92290 |
|
| 740 | 0 | _aNo puedo decir mamá | |
| 905 | _aInfantil | ||
| 999 |
_c149503 _d149503 |
||